LEADER 01100nam0 2200289 450 001 000011080 005 20080513120606.0 100 $a20080513d2003----km-y0itay50------ba 101 0 $aita 102 $aIT 105 $ay-------001yy 200 1 $a<>risparmio gestito nell'esperienza delle banche europee$eeffetti sulla performance?$fAndrea Landi, Giuseppe Lusignani 210 $aRoma$d2003$gCentro stampa della Banca d'Italia 215 $a42 p.$d24 cm 225 2 $aQuaderni di ricerche$fEnte per gli Studi monetari, bancari e finanziari Luigi Einaudi$v51 304 $aSul frontespizio "Verso un sistema bancario e finanziario europeo?" 410 0$12001$aQuaderni di Ricerche 610 1 $aRisparmio$aGestione finanziaria 610 1 $aBanche$aEuropa 676 $a332.1094$v20 700 1$aLandi,$bAndrea$0115460 701 1$aLusignani,$bGiuseppe$0116617 801 0$aIT$bUNIPARTHENOPE$c20080513$gRICA$2UNIMARC 912 $a000011080 951 $aESMO-QR 332/51$bs.i.$cNAVA1$d2008 996 $aRisparmio gestito nell'esperienza delle banche europee$9669326 997 $aUNIPARTHENOPE